000 07020cam a22020174i 4500
001 u37781
003 PE-LiUPU
005 20250813165649.0
008 150625s2007 mx rb 000 0 spa d
020 _a970260964X
020 _a9789702609643
035 _a(Sirsi) i9789702609643
040 _aPE-LiUPU
_bspa
_cPE-LiUPU
_dPE-LiUPU
_erda
049 _aPRUA
082 0 4 _a658.152
_bS22 2007
082 0 4 _a658.152
_bS23
_221
100 1 _aSapag Chaín, Nassir,
_eautor.
245 1 0 _aProyectos de inversión formulación y evaluación /
_cNassir Sapag Chaín.
264 1 _aMéxico :
_bPearson Educación de México,
_c2007.
300 _a488 páginas :
_bilustraciones ;
_c18 centímetros
300 _aDisco compacto con EasyPlanEx y CD-ROM (2)
336 _atext
_2rdacontent
337 _aunmediated
_2rdamedia
338 _avolume
_2rdacarrier
504 _aIncluye bibliografía al final de cada capitulo.
505 0 _aConceptos introductorios -- Comportamientos del mercado: marco económico y predictivo -- Estudio técnico del proyecto -- Aspectos tributarios, legales y administrativos -- Costos e inversiones -- Cálculo de beneficios del proyecto -- Cómo construir los flujos de caja del proyecto -- Cálculo y análisis de la viabilidad económica -- Evaluación de inversiones ante incertidumbre -- Cálculo de la tasa de costo de capital -- Análisis optimizante del proyecto -- Outsourcing, reemplazo, ampliación, abandono e internalización -- Estudio de casos -- EasyPlanEx.
526 _aP203
526 _aP200
526 _aSEG65
526 _aSEG64
526 _aSEG63
526 _aSEG62
526 _aSEG61
526 _aSEG60
526 _aSEG59
526 _aSEG58
526 _aSEG57
526 _aSEG56
526 _aSEG55
526 _aSEG54
526 _aSEG53
526 _aSEG52
526 _aSEG51
526 _aSEG50
526 _aSEG49
526 _aSEG48
526 _aSEG47
526 _aSEG46
526 _aSEG24
526 _aSEG23
526 _aSEG22
526 _aSEG21
526 _aSEG20
526 _aSEG19
526 _aSEG18
526 _aSEG17
526 _aSEG16
526 _aSEG14
526 _aSEG13
526 _aSEG12
526 _aSEG11
526 _aSEG10
526 _aSEG09
526 _aSEG06
526 _aSEG05
526 _aSEG04
526 _aSEG03
526 _aSEG02
526 _aSEG68
526 _aSEG66
526 _aSEG45
526 _aSEG25
526 _aSEG01
526 _aP163
526 _aP162
526 _aP161
526 _aP160
526 _aP159
526 _aP158
526 _aP157
526 _aP156
526 _aP155
526 _aP154
526 _aP153
526 _aP152
526 _aP151
526 _aP150
526 _aP149
526 _aP142
526 _aP141
526 _aP140
526 _aP139
526 _aP138
526 _aP137
526 _aP132
526 _aP131
526 _aP130
526 _aP126
526 _aP125
526 _aP124
526 _aP123
526 _aP115
526 _aP122
526 _aP121
526 _aP116
526 _a P114
526 _aP112
526 _aP111
526 _aP104
526 _aP103
526 _aP102
526 _aP101
526 _aP100
526 _aP96
526 _aP95
526 _aP93
526 _aP92
526 _aP91
526 _aP88
526 _aP83
526 _aP82
526 _aP79
526 _aP78
526 _aP75
526 _aP74
526 _aP71
526 _aP69
526 _a P51
526 _aP49
526 _aP48
526 _aP47
526 _aP33
526 _aP31
526 _a P30
526 _aP29
526 _aP27
526 _aP26
526 _aP25
526 _aP24
526 _a P22
526 _aP10
526 _aP09
526 _a P08
526 _aP06
526 _aP05
526 _aP04
526 _aP01
541 _g001-000312;
541 _g001-000306;
541 _g045-0002129;
541 _g0030-0001640;
596 _a1 2 3
650 0 4 _aInversiones de capital
_xPlaneamiento.
650 0 4 _aProyectos de desarrollo económico.
942 _2ddc
_cBOOK
949 _a651 P87
_wDEWEY
_c1
_iFT01642
_lCCODEBUT1
_mBUT
_p107.00
_r0
_sY
_tBOOK
_u2016-3-31
_xFCE
_PP01
_0COMPRA
_o.CIRCNOTE. Este documento es muy costoso
_o.STAFF. Colección General
949 _a658.152 S22 2007
_wDEWEY
_c1
_iFJ03714
_d2018-5-8
_e2018-4-11
_f2017-12-28
_g1
_lCCODEBUJ1
_mBUJ
_n4
_p30.00
_q2
_r0
_sY
_tBOOK
_u2015-10-7
_xFCE
_PP04
_0COMPRA
_o.STAFF. Colección General Juliaca
949 _a658.152 S23
_wDEWEY
_c1
_i56857
_e2017-6-14
_f2018-2-12
_g3
_lCCODEBUL1
_mBUL
_n6
_p18.00
_r0
_sY
_tBOOK
_u2015-6-25
_xFCE
_PP08
_0COMPRA
_o.STAFF. Colección Ciencias Empresariales
949 _a658.152 S23
_wDEWEY
_c2
_i58258
_d2016-3-28
_e2016-3-27
_f2017-2-9
_g2
_lLOST
_mBUL
_n1
_p27.00
_r1
_sY
_tBOOK
_u2015-6-25
_xFCE
_PP04
_0COMPRA
_o.STAFF. Colección General
949 _a658.152 S23
_wDEWEY
_c3
_i58266
_d2015-10-11
_e2015-10-11
_f2018-2-12
_g3
_lCCODEBUL1
_mBUL
_n1
_p26.00
_r0
_sY
_tBOOK
_u2015-6-25
_xFCE
_PP27
_0COMPRA
_o.STAFF. Colección Ciencias Empresariales
949 _a658.152 S23
_wDEWEY
_c4
_i60066
_d2016-4-6
_e2016-4-4
_f2017-2-9
_g2
_kCHECKEDOUT
_lCCODEBUL1
_mBUL
_n1
_r0
_sY
_tBOOK
_u2015-6-25
_xFCE
_PP04
_0COMPRA
_o.STAFF. Colección General
994 _aC0
_bPEPRU
999 _a658.152 S23
_wDEWEY
_c45992
_i56857
_e2017-6-14
_f2021-11-8
_g6
_lCCODEBUL1
_mBUL
_n6
_p18.00
_r0
_sY
_tBOOK
_u2015-6-25
_xFCE
_PP08
_0COMPRA
_o.STAFF. Colección Ciencias Empresariales
_d45992
999 _a658.152 S23
_wDEWEY
_c2
_i58258
_d2016-3-28
_e2016-3-27
_f2017-2-9
_g2
_lLOST
_mBUL
_n1
_p27.00
_r1
_sY
_tBOOK
_u2015-6-25
_xFCE
_PP04
_0COMPRA
_o.STAFF. Colección General
999 _a658.152 S23
_wDEWEY
_c3
_i58266
_d2019-10-10
_e2018-6-19
_f2019-12-12
_g5
_lCCODEBUL1
_mBUL
_n3
_p26.00
_q2
_r0
_sY
_tBOOK
_u2015-6-25
_xFCE
_PP04
_0COMPRA
_o.STAFF. Colección Ciencias Empresariales
999 _a658.152 S23
_wDEWEY
_c4
_i60066
_d2016-4-6
_e2016-4-4
_f2017-2-9
_g2
_kCHECKEDOUT
_lCCODEBUL1
_mBUL
_n1
_p30.00
_r0
_sY
_tBOOK
_u2015-6-25
_xFCE
_PP04
_0COMPRA
_o.STAFF. Colección General
999 _a658.152 S22 2007
_wDEWEY
_c1
_iFJ03714
_d2020-2-11
_e2020-2-4
_f2022-1-31
_g4
_lCCODEBUJ1
_mBUJ
_n5
_p30.00
_q11
_r0
_sY
_tBOOK
_u2015-10-7
_xFCE
_PP04
_0COMPRA
_o.STAFF. Colección General Juliaca
999 _a651 P87
_wDEWEY
_c1
_iFT01642
_f2019-2-20
_g1
_lCCODEBUT1
_mBUT
_p107.00
_r0
_sY
_tBOOK
_u2016-3-31
_xFCE
_PP01
_0COMPRA
_o.CIRCNOTE. Este documento es muy costoso
_o.STAFF. Colección General
980 _81
_gALBERTO SANCHEZ Responsable de Automatización